[Event "EU-ch U16 19th"]
[Site "Fermo"]
[Date "2009.09.02"]
[Round "3"]
[White "Binci, Luca"]
[Black "Balzano, Aldo"]
[Result "0-1"]
[WhiteElo "1675"]
[BlackElo "1853"]
[PlyCount "72"]
[EventDate "2009.08.31"]
[EventType "swiss"]
[EventRounds "9"]
[EventCountry "ITA"]
[SourceTitle "CBM 132 Extra"]
[Source "ChessBase"]
[SourceDate "2009.11.03"]
[SourceVersion "1"]
[SourceVersionDate "2009.11.03"]
[SourceQuality "1"]

1. d4 Nf6 2. c4 g6 3. Nc3 Bg7 4. e4 d6 5. f3 0-0 6. Be3 e5 7. d5 c6 8. Qd2 cxd5 9. cxd5 Nbd7 10. 0-0-0 a6 11. Kb1 b5 12. h4 Nc5 13. Bh6 b4 14. Bxg7 Kxg7 15. Nce2 Qa5 16. h5 Nfxe4 17. fxe4 Nxe4 18. Qe3 Bf5 19. Ka1 Nc5 20. Nc1 Bc2 21. Bd3 Bxd1 22. hxg6 hxg6 23. Qh6+ Kf6 24. Qh4+ g5 25. Qh6+ Ke7 26. Qxg5+ Ke8 27. Qf6 Nxd3 28. Nxd3 Qxd5 29. Nxb4 Qe6 30. Qf1 Bg4 31. Nxa6 Ke7 32. a3 Rfc8 33. Nf3 Bxf3 34. gxf3 Qb3 35. Kb1 Rc2 36. Rh2 Qxb2# 0-1

[Event "Crema op 10th"]
[Site "Crema"]
[Date "2008.09.05"]
[Round "2"]
[White "Balzano, Aldo"]
[Black "Gerundino, Nicola"]
[Result "1/2-1/2"]
[WhiteElo "1777"]
[BlackElo "1964"]
[PlyCount "60"]
[EventDate "2008.09.05"]
[EventType "swiss"]
[EventRounds "6"]
[EventCountry "ITA"]
[SourceTitle "EXT 2011"]
[Source "ChessBase"]
[SourceDate "2010.11.26"]
[SourceVersion "1"]
[SourceVersionDate "2010.11.26"]
[SourceQuality "1"]

1. d4 Nf6 2. c4 e6 3. Nf3 b6 4. a3 Bb7 5. Nc3 d5 6. cxd5 exd5 7. g3 Bd6 8. Bg2 0-0 9. 0-0 Re8 10. Bg5 h6 11. Bxf6 Qxf6 12. Qb3 c6 13. Rfe1 Qe6 14. e4 dxe4 15. Qxe6 Rxe6 16. Rxe4 Rxe4 17. Nxe4 Bc7 18. Ne5 Bxe5 19. dxe5 Bc8 20. Rd1 Bd7 21. Bf1 Kf8 22. Ba6 Nxa6 23. Rxd7 Nc5 24. Nxc5 bxc5 25. Rc7 Rb8 26. Rxc6 Rxb2 27. Rxc5 Rb7 28. Kg2 Ke7 29. Kf1 Ke6 30. Ra5 Kf5 1/2-1/2

[Event "AP Province-ch"]
[Site "Fermo"]
[Date "2008.01.13"]
[Round "2"]
[White "Rotoni, Matteo"]
[Black "Balzano, Aldo"]
[Result "1-0"]
[WhiteElo "2119"]
[BlackElo "1779"]
[PlyCount "105"]
[EventDate "2008.01.12"]
[EventType "swiss"]
[EventRounds "6"]
[EventCountry "ITA"]
[SourceTitle "EXT 2009"]
[Source "ChessBase"]
[SourceDate "2008.11.26"]
[SourceVersion "1"]
[SourceVersionDate "2008.11.26"]
[SourceQuality "1"]

1. e4 c5 2. c3 d5 3. exd5 Qxd5 4. Na3 a6 5. Nf3 Nc6 6. Be2 Nf6 7. Nc4 Qd8 8. a4 e6 9. a5 Nd5 10. 0-0 b5 11. axb6 Nxb6 12. Nce5 Nxe5 13. Nxe5 Bb7 14. Bf3 Bd5 15. c4 Bxf3 16. Qxf3 Qc7 17. Re1 Bd6 18. Qc3 0-0 19. Nf3 Be7 20. d3 Bf6 21. Qa5 Qd6 22. Ra3 Nd7 23. Nd2 Rfb8 24. Ne4 Qe7 25. Nxf6+ Qxf6 26. Qc7 Qd8 27. Qg3 Qf6 28. Bd2 Nf8 29. Bc3 Qg6 30. Qf3 Qg5 31. Ra5 Qe7 32. Qg3 Ng6 33. Rxa6 Qd7 34. Rea1 Qb7 35. Rxa8 Rxa8 36. Rxa8+ Qxa8 37. h4 Qf8 38. h5 Ne7 39. h6 g6 40. Qe5 f6 41. Qxe6+ Qf7 42. Qxf6 Qxf6 43. Bxf6 Nf5 44. Bg5 Kf7 45. Be3 Ke6 46. Bxc5 Nxh6 47. b4 Nf7 48. b5 Nd8 49. Be3 Kd6 50. c5+ Kc7 51. d4 Nb7 52. d5 Kc8 53. b6 1-0

[Event "Porto Sant Elpidio op-B 10th"]
[Site "Porto Sant Elpidio"]
[Date "2007.12.01"]
[Round "4"]
[White "Balzano, Aldo"]
[Black "Di Mantino, Mauro"]
[Result "0-1"]
[WhiteElo "1581"]
[BlackElo "1726"]
[PlyCount "66"]
[EventDate "2007.11.24"]
[EventType "swiss"]
[EventRounds "6"]
[EventCountry "ITA"]
[SourceTitle "EXT 2010"]
[Source "ChessBase"]
[SourceDate "2010.11.25"]
[SourceVersion "1"]
[SourceVersionDate "2010.11.25"]
[SourceQuality "1"]

1. d4 Nf6 2. c4 g6 3. Nc3 Bg7 4. e4 d6 5. f3 0-0 6. Be3 b6 7. Bd3 Bb7 8. Qd2 c5 9. d5 e6 10. g4 exd5 11. cxd5 Re8 12. 0-0-0 Nbd7 13. Bh6 Bh8 14. h4 a6 15. h5 c4 16. Bxc4 b5 17. Bb3 Rc8 18. Kb1 Nc5 19. Bc2 Nfd7 20. hxg6 fxg6 21. Nge2 Ne5 22. Nd4 Nc4 23. Qf2 Qa5 24. Bd3 Nxb2 25. Kxb2 Qb4+ 26. Kc1 Qxc3+ 27. Bc2 Na4 28. Bg7 Bxg7 29. Qh2 Qa1+ 30. Kd2 Qxd4+ 31. Ke1 Qe3+ 32. Kf1 Qxf3+ 33. Ke1 Qe3+ 0-1

[Event "Porto Sant Elpidio op U16 9th"]
[Site "Porto Sant Elpidio"]
[Date "2006.11.25"]
[Round "4"]
[White "Balzano, Aldo"]
[Black "Binci, Luca"]
[Result "1-0"]
[WhiteElo "1503"]
[BlackElo "1473"]
[PlyCount "59"]
[EventDate "2006.11.18"]
[EventType "swiss"]
[EventRounds "6"]
[EventCountry "ITA"]
[SourceTitle "EXT 2011"]
[Source "ChessBase"]
[SourceDate "2010.11.26"]
[SourceVersion "1"]
[SourceVersionDate "2010.11.26"]
[SourceQuality "1"]

1. d4 Nf6 2. c4 g6 3. Nc3 Bg7 4. e4 d6 5. f3 Nbd7 6. Be3 c6 7. Qd2 0-0 8. 0-0-0 Qc7 9. Kb1 e5 10. d5 cxd5 11. cxd5 a6 12. Rc1 Qd8 13. Bh6 Rb8 14. h4 b5 15. h5 Nxh5 16. g4 Nhf6 17. Bxg7 Kxg7 18. Qh6+ Kg8 19. g5 Nh5 20. Nge2 Re8 21. Bh3 Nf8 22. Bxc8 Rxc8 23. Rcf1 f6 24. f4 Qe7 25. Rxh5 gxh5 26. gxf6 Qf7 27. Rg1+ Kh8 28. Rg7 Qg6 29. Rxg6 Nxg6 30. Qg7# 1-0

[Event "Porto San Giorgio op 18th"]
[Site "Porto San Giorgio"]
[Date "2006.08.23"]
[Round "3"]
[White "Balzano, Aldo"]
[Black "Altini, Ruggiero"]
[Result "1-0"]
[WhiteElo "1440"]
[BlackElo "1341"]
[PlyCount "43"]
[EventDate "2006.08.21"]
[EventType "swiss"]
[EventRounds "9"]
[EventCountry "ITA"]
[SourceTitle "CBM 113 Extra"]
[Source "ChessBase"]
[SourceDate "2006.09.14"]
[SourceVersion "1"]
[SourceVersionDate "2006.09.14"]
[SourceQuality "1"]

1. d4 d5 2. c4 e6 3. Nf3 Nf6 4. Nc3 Bb4 5. Bg5 Bxc3+ 6. bxc3 Nbd7 7. cxd5 exd5 8. e3 c6 9. Bd3 h6 10. Bh4 Qa5 11. Qc2 0-0 12. 0-0 b5 13. a4 Qb6 14. axb5 cxb5 15. Qb3 Ba6 16. Ra2 Rab8 17. Rfa1 Bc8 18. Rxa7 Rb7 19. Rxb7 Bxb7 20. Qxb5 Qc7 21. Ra7 Rb8 22. Bg3 1-0